000 01474cam a22003854a 4500
001 13481329
003 OSt
005 20140310182721.0
008 040205s2004 maua 001 0 eng
010 _a 2004002796
020 _a0072348984
040 _aDLC
_cDLC
_dDLC
042 _apcc
050 0 0 _aQL 757
_b.R643 2005
082 0 0 _aM 591.7857
_27th ed.
_bR54 2005
100 1 _aRoberts, Larry S.,
_d1935-
245 1 0 _aGerald D. Schmidt & Larry S. Roberts' foundations of parasitology /
_cRoberts, Larry S., Janovy, John Jr.
246 3 _aGerald D. Schmidt and Larry S. Roberts' foundations of parasitology
250 _a7th ed.
260 _aNew York :
_bMcGraw-Hill Companies, Inc.,
_cc2005.
300 _axvii, 702 p. :
_bill. ;
_c26 cm.
500 _aIncludes index.
521 _aCollege Students
526 _c1210L-1700L
541 _j1
562 _e1
650 0 _aParasitology.
700 1 _aJanovy, John,
_d1937-
856 4 1 _3Table of contents
_uhttp://www.loc.gov/catdir/toc/ecip0414/2004002796.html
856 4 2 _3Publisher description
_uhttp://www.loc.gov/catdir/enhancements/fy0669/2004002796-d.html
856 4 2 _3Contributor biographical information
_uhttp://www.loc.gov/catdir/enhancements/fy0737/2004002796-b.html
906 _a7
_bcbc
_corignew
_d1
_eecip
_f20
_gy-gencatlg
942 _2lcc
_cBK
_kM
999 _c15340
_d15340